İdarenin incelemesi : (Kayıt no. 10046)
[ düz görünüm ]
| 000 -BAŞLIK | |
|---|---|
| Sabit Uzunluktaki Kontrol Alanı | 01011nam a22002417a 4500 |
| 003 - KONTROL NUMARASI KİMLİĞİ | |
| Kontrol Alanı | KOHA_MİRAKIL |
| 005 - EN SON İŞLEM TARİHİ ve ZAMANI | |
| Kontrol Alanı | 20260325132827.0 |
| 008 - SABİT UZUNLUKTAKİ VERİ ÖGELERİ - GENEL BİLGİ | |
| Sabit Alan | 260325b tu ||||| |||| 00| 0 tur d |
| 020 ## - ISBN - ULUSLARARASI STANDART KİTAP NUMARASI | |
| Isbn | 9786059823319 |
| 040 ## - KATALOGLAMA KAYNAĞI | |
| Özgün Kataloglama Kurumu | TR-AnABB |
| Kataloglama Dili | tur |
| Çeviri Kurumu | TR-AnABB |
| 041 ## - DİL KODU | |
| Metin ya da ses kaydının dil kodu | tur |
| 082 ## - DEWEY ONU SINIFLAMA SİSTEMİ | |
| Sınıflama Numarası | 351.007 |
| Cutter numarası | WIL 2018 |
| 100 1# - KİŞİ ADI | |
| Yazar Adı (Kişi adı) | Wilson, Woodrow |
| 245 10 - ESER ADI BİLDİRİMİ | |
| Başlık | İdarenin incelemesi : |
| Alt Eseradı vb. | şerhli çeviri / |
| Sorumluluk Bildirimi | Woodrow Wilson ; çeviren: Nur Şat |
| 246 ## - DEĞİŞİK BAŞLIK FORMU | |
| Başlık uygun / kısa başlık | Şerhli çeviri |
| 260 ## - YAYIN, DAĞITIM, VB. | |
| Yayın Yeri | Ankara : |
| Yayınevi | Liberte, |
| Yayın Tarihi | 2018 |
| 300 ## - FİZİKSEL TANIMLAMA | |
| Sayfa, Cilt vb. | 111 sayfa ; |
| Boyutları | 18 cm |
| 500 ## - GENEL NOT | |
| Genel Not | Çevirmen imzalı |
| 500 ## - GENEL NOT | |
| Genel Not | Nur Şat 2008 yılında Marmara Üniversitesi Sosyal Bilimler Enstitüsü'nde danışmanlığını Prof. Dr. Ruşen Keleş'in yaptığı "e-demokrasi ve e-belediye İlişkisi" üzerine yaptığı tez ile bilim kültesi Siyaset Bilimi ve Kamu Yönetimi Bölümü'nde Dr. ünvanıyla öğretim üyesi olarak çalışmaktadır. |
| 650 04 - KONU BAŞLIĞI EK GİRİŞ - KONU TERİMİ | |
| Konusal terim veya coğrafi ad | Yönetim bilimi |
| 700 1# - EK GİRİŞ - KİŞİ ADI | |
| Yazar Adı (Kişi adı) | Şat, Nur, |
| İlişkili Terim | çeviri |
| 9 (RLIN) | 3144 |
| 942 ## - EK GİRİŞ ÖGELERİ (KOHA) | |
| Sınıflama Kaynağı | Dewey Decimal Classification |
| Materyal Türü | Kitap |
| 900 ## - YEREL BİLGİ | |
| Kontrol | Can ÇELIK |
| Geri Çekilme Durumu | Kayıp Durumu | Sınıflandırma Kaynağı | Kredi için değil | Kalıcı Konum | Mevcut Konum | Kayıt Tarih | Toplam Ödünçverme | Yer Numarası | Demirbaş Numarası | Son Görülme Tarihi | Fatura Tarihi | Materyal Türü |
|---|---|---|---|---|---|---|---|---|---|---|---|---|
| Dewey Decimal Classification | Prof. Dr. Ruşen Keleş Kütüphanesi | Prof. Dr. Ruşen Keleş Kütüphanesi | 25/03/2026 | 351.007 WIL 2018 | RK1063 | 25/03/2026 | 25/03/2026 | Kitap |
